000 00512nam a2200205Ia 4500
003 0100
008 130227s9999 xx 000 0 und d
040 _cARRUPELIB
050 _aBT30.A4N993
100 _aNyamiti, Charles
245 _aStudies in Africa christian theology
260 _aNairobi
260 _bThe Catholic University of Eastern Africa
260 _C2005
300 _a4v.
300 _b 23 cm
650 _bBody, Human (Christian theology)
650 _cBody, Human
942 _2lcc
_02
999 _c5165
_d5165